Statistics for Country Flags with a Rubik's Cube #2

Click here to take the quiz!

General Stats

  • This quiz has been taken 994 times
    (851 since last reset)
  • The average score is 9 of 12

Answer Stats

Answer% Correct
Italy
97%
Finland
95%
Monaco / Indonesia
92%
Netherlands
89%
Nigeria
86%
Bulgaria
82%
Peru
81%
Palau
74%
Oman
65%
Mauritius
63%
Guinea
60%
Bolivia
58%

Score Distribution

Percentile by Number Answered

Percent of People with Each Score

Your Score History

You have not taken this quiz since the last reset